<?xml version="1.0" encoding="UTF-8"?>
<record
    xmlns:xsi="http://www.w3.org/2001/XMLSchema-instance"
    xsi:schemaLocation="http://www.loc.gov/MARC21/slim http://www.loc.gov/standards/marcxml/schema/MARC21slim.xsd"
    xmlns="http://www.loc.gov/MARC21/slim">

  <leader>02548cam a2200301 i 4500</leader>
  <controlfield tag="001">a12740899</controlfield>
  <controlfield tag="003">SIRSI</controlfield>
  <controlfield tag="005">20251022144037.0</controlfield>
  <controlfield tag="008">140116s2014    maua     b    001 0 eng  </controlfield>
  <datafield tag="010" ind1=" " ind2=" ">
    <subfield code="a">  2014000382</subfield>
  </datafield>
  <datafield tag="020" ind1=" " ind2=" ">
    <subfield code="a">9781625272225</subfield>
  </datafield>
  <datafield tag="040" ind1=" " ind2=" ">
    <subfield code="a">DLC</subfield>
    <subfield code="b">eng</subfield>
    <subfield code="e">rda</subfield>
    <subfield code="c">DLC</subfield>
    <subfield code="d">YDX</subfield>
    <subfield code="d">BTCTA</subfield>
    <subfield code="d">OCLCO</subfield>
    <subfield code="d">BDX</subfield>
    <subfield code="d">MLY</subfield>
    <subfield code="d">YDXCP</subfield>
    <subfield code="d">NhCcYME</subfield>
    <subfield code="d">UtOrBLW</subfield>
  </datafield>
  <datafield tag="041" ind1=" " ind2=" ">
    <subfield code="a">eng</subfield>
  </datafield>
  <datafield tag="042" ind1=" " ind2=" ">
    <subfield code="a">pcc</subfield>
  </datafield>
  <datafield tag="049" ind1=" " ind2=" ">
    <subfield code="a">UPMM</subfield>
  </datafield>
  <datafield tag="050" ind1="0" ind2="0">
    <subfield code="a">HD30.28</subfield>
    <subfield code="b">.C7325 2014</subfield>
  </datafield>
  <datafield tag="245" ind1="0" ind2="0">
    <subfield code="a">Creating business plans</subfield>
    <subfield code="b">: gather your resources, describe the opportunity, get buy-in.</subfield>
  </datafield>
  <datafield tag="260" ind1=" " ind2=" ">
    <subfield code="a">Boston, MA :</subfield>
    <subfield code="b">Harvard Business Review Press,</subfield>
    <subfield code="c">2014.</subfield>
  </datafield>
  <datafield tag="300" ind1=" " ind2=" ">
    <subfield code="a">viii, 141 pages ;</subfield>
    <subfield code="c">18 cm.</subfield>
  </datafield>
  <datafield tag="490" ind1=" " ind2=" ">
    <subfield code="a">20-minute manager series</subfield>
  </datafield>
  <datafield tag="504" ind1=" " ind2=" ">
    <subfield code="a">Includes bibliographical references and index.</subfield>
  </datafield>
  <datafield tag="505" ind1="0" ind2=" ">
    <subfield code="a">Machine generated contents note: Why Write a Business Plan? &#x2014; Getting started &#x2014; The structure of a business plan &#x2014; Describing the Opportunity &#x2014; Presenting your idea &#x2014; Executive summary &#x2014; Business description &#x2014; Analyzing the business environment &#x2014; Industry background &#x2014; Competitive analysis &#x2014; Market analysis &#x2014; Introducing Your Management Team &#x2014; Highlighting qualifications &#x2014; Presenting the team as a unit &#x2014; Bringing Your Product to Market &#x2014; Operations plan: Articulating day-to-day business &#x2014; Marketing plan: Promoting your value proposition &#x2014; Projecting Financial Risk and Reward &#x2014; Preparing your financial plan &#x2014; Anticipating readers' concerns &#x2014; Attachments and Milestones &#x2014; Supplemental information &#x2014; Milestones.</subfield>
  </datafield>
  <datafield tag="520" ind1=" " ind2=" ">
    <subfield code="a">A well-crafted business plan generates enthusiasm for your idea and boosts your odds of success&#x2014;whether you're proposing a new initiative within your organization or starting an entirely new company. Creating Business Plans quickly walks you through the basics. You'll learn to: 

Present your idea clearly; 
Develop sound financial plans; 
Project risks&#x2014;and rewards; 
Anticipate and address your audience's concerns. 

Don't have much time? Get up to speed fast on the most essential business skills with HBR's 20-Minute Manager series. Whether you need a crash course or a brief refresher, each book in the series is a concise, practical primer that will help you brush up on a key management topic. Advice you can quickly read and apply, for ambitious professionals and aspiring executives&#x2014;from the most trusted source in business.</subfield>
  </datafield>
  <datafield tag="650" ind1=" " ind2="0">
    <subfield code="a">Business planning</subfield>
    <subfield code="9">1415</subfield>
  </datafield>
  <datafield tag="650" ind1=" " ind2="0">
    <subfield code="a">Industrial management</subfield>
    <subfield code="9">20469</subfield>
  </datafield>
  <datafield tag="710" ind1=" " ind2=" ">
    <subfield code="a">Harvard Business Review Press (Firm)</subfield>
    <subfield code="e">publisher</subfield>
    <subfield code="9">25086</subfield>
  </datafield>
  <datafield tag="942" ind1=" " ind2=" ">
    <subfield code="2">lcc</subfield>
  </datafield>
  <datafield tag="952" ind1=" " ind2=" ">
    <subfield code="0">0</subfield>
    <subfield code="1">0</subfield>
    <subfield code="2">lcc</subfield>
    <subfield code="4">0</subfield>
    <subfield code="7">0</subfield>
    <subfield code="a">TBS</subfield>
    <subfield code="b">TBS</subfield>
    <subfield code="d">2025-10-22</subfield>
    <subfield code="l">0</subfield>
    <subfield code="o">HD 30.28 HBR</subfield>
    <subfield code="p">B05714</subfield>
    <subfield code="r">2025-10-22</subfield>
    <subfield code="t">1</subfield>
    <subfield code="w">2025-10-22</subfield>
    <subfield code="y">1</subfield>
  </datafield>
  <datafield tag="999" ind1=" " ind2=" ">
    <subfield code="c">5081</subfield>
    <subfield code="d">5081</subfield>
  </datafield>
</record>
